Một số vấn đề về công tác kiểm tra, đánh giá chất lượng dạy học trường trung cấp chuyên nghiệp quân đội /

Đã lưu trong:
Sonraí Bibleagrafaíochta
Príomhúdar: Lê Hùng Cường.
Formáid: Bài viết
Teanga:Vietnamese
Ábhair:
Clibeanna: Cuir Clib Leis
Gan Chlibeanna, Bí ar an gcéad duine leis an taifead seo a chlibeáil!
Thư viện lưu trữ: Thư viện Trường Đại học Đà Lạt
LEADER 00870nam a2200265 4500
001 DLU190189512
005 ##20190219
040 # # |a DLU  |b vie 
041 # # |a vie 
044 # # |a vn 
100 # # |a Lê Hùng Cường. 
245 # # |a Một số vấn đề về công tác kiểm tra, đánh giá chất lượng dạy học trường trung cấp chuyên nghiệp quân đội /  |c Lê Hùng Cường. 
653 # # |a Chất lượng dạy học 
653 # # |a Hoạt động dạy học 
653 # # |a Kiểm tra đánh giá 
773 # # |t Tạp chí Giáo dục  |g Số 387, 2016, tr. 11-13 
920 # # |a Phòng Tạp chí -- Trung tâm Thông tin - Thư viện Trường Đại học Đà Lạt 
994 # # |a DLU 
900 # # |a True 
911 # # |a Trần Thị Minh Hương 
925 # # |a G 
926 # # |a A 
927 # # |a BB 
980 # # |a Thư viện Trường Đại học Đà Lạt